000 00723nam a2200205Ii 4500
003 JO-AjNU
008 230605s9999||||xx |||||||||||||| ||und||
040 _aJO-AjNU
_bara
_erda
_cJO-AjNU
041 _aara
050 1 4 _aDS38.6.A2
100 3 _aتاليف العبادي، احمد مختار ,
_eauthor
_960364
245 0 0 _aفي التاريخ العباسي والفاطمي
250 _aط1
264 3 1 _aبيروت: دار النهضة العربية للطباعة والنشر، د.ت
300 _a377ص
336 _atext
_btxt
_2rdacontent
337 _aunmediated
_bn
_2rdamedia
338 _avolume
_bnc
_2rdacarrier
650 4 _aالعصر العباسي-العصر الفاطمي- التاريخ
_960365
999 _aA27215
_c30783
_d30783